Statistiken für Alle Niederländer, die für Bayern München gespielt haben

Klicken Sie hier um das Quiz zu spielen!

Allgemein

  • Dieses Quiz wurde 283 mal gespielt
    (117 seit der letzten Aktualisierung)
  • Das Durchschnittsergebnis liegt bei 5 aus 10

Antwortstatistiken

JahreLigaspiele
(Tore)
Spieler% Korrekt
2009-2019201 (99)Arjen Robben
99%
2022-33 (3)Matthijs de Ligt
85%
2003-2007129 (78)Roy Makaay
71%
2006-2011123 (11)Mark van Bommel
67%
2022-25 (0)Ryan Gravenberch
66%
20235 (0)Daley Blind
48%
2019-202112 (4)Joshua Zirkzee
29%
2009-201112 (0)Edson Braafheid
27%
1991-199466 (6)Jan Wouters
12%
1978-19799 (0)Martin Jol
3%

Verteilung der Resultate

Perzentil nach korrekt beantworteten Fragen

Anzahl Personen mit jedem Resultat

Ihre Resultats-Entwicklung

Sie haben dieses Quiz seit der letzten Aktualisierung nicht gespielt